| 000 | 01012naa a2200253 4500 | ||
|---|---|---|---|
| 005 | 20110810145620.0 | ||
| 008 | 110810t xxu||||| |||| 00| 0 eng d | ||
| 010 | _aENG-103364 | ||
| 020 |
_c650.00 _a9788184246919 |
||
| 035 | _aEN-86897 | ||
| 037 | _bDBAD/PUB | ||
| 040 |
_aDPL _bEng |
||
| 082 | _a371.9045 | ||
| 100 |
_932587 _aPant, S.K. |
||
| 245 | 1 |
_aRoots and wings : _cby S.K. Pant _breinforcing sanitation and hygiene education in schools / |
|
| 260 |
_aNew Delhi _bAllied Publishers _c2011 |
||
| 270 |
_a1/13-14, Asaf Ali Road, _bNew Delhi _e110002 _k011-23239001 |
||
| 300 |
_axviii,157p. : _c22cm (Hb) _bill. |
||
| 500 | _aIncludes bibliographical references | ||
| 700 | _933086 | ||
| 942 |
_adpl _cEN _2ddc _mPAN _h371.9045 |
||
| 999 |
_c55723 _d55723 |
||